American national standard practice for office lighting
שמור ב:
| Corporate Authors: | , |
|---|---|
| פורמט: | ספר |
| שפה: | אנגלית |
| יצא לאור: |
Nueva York
Illuminating Engineering Society of North America
2004
|
| נושאים: | |
| תגים: |
הוספת תג
אין תגיות, היה/י הראשונ/ה לתייג את הרשומה!
|
MARC
| LEADER | 00000nam a2200000 a 4500 | ||
|---|---|---|---|
| 001 | UCI1608 | ||
| 003 | CL-VaPUC | ||
| 008 | 070706e20040000US |||||||||||||||||eng|d | ||
| 020 | |a 0879952008 | ||
| 082 | 0 | 4 | |a 621.32 |b ILL |2 21 |
| 110 | 2 | |a Illuminating Engineering Society of North America |e author |9 522219 | |
| 710 | 2 | |a American National Standards Institute |e author |9 522220 | |
| 245 | 1 | 0 | |a American national standard practice for office lighting |
| 300 | |a 63 p | ||
| 942 | |c BK | ||
| 945 | |d 20070706 00:00:00 |a jtorresc | ||
| 260 | |a Nueva York |b Illuminating Engineering Society of North America |c 2004 | ||
| 650 | 7 | |a ILUMINACION INTERIOR |2 CL-VaPUC |9 325273 | |
| 650 | 7 | |a OFICINAS DISEÑO |2 CL-VaPUC |9 522221 | |
| 650 | 7 | |a ILUMINACION ELECTRICA |2 CL-VaPUC |9 522222 | |
| 583 | |a last modification |c 20070706 00:00:00 |k Rodrigo Vera | ||
| 999 | |c 326390 |d 326388 | ||
| 952 | |0 0 |1 0 |4 0 |6 621_320000000000000_ILL_2004 |7 0 |8 A |9 408256 |a BIBING |b BIBING |d 2019-11-22 |i 4350766 |o 621.32 ILL 2004 |p 4350766 |r 2025-01-20 |w 2019-11-22 |y BK |k EIE | ||